书目信息 |
| 题名: |
建筑工程制图
|
|
| 作者: | 张英 , 江景涛 主编 | |
| 分册: | ||
| 出版信息: | 北京 中国建筑工业出版社 2021.09 |
|
| 页数: | 10, 359页 | |
| 开本: | 26cm | |
| 丛书名: | 高等学校土木工程专业融媒体新业态系列教材 | |
| 单 册: | ||
| 中图分类: | TU204 | |
| 科图分类: | ||
| 主题词: | 建筑制图--jian zhu zhi tu--高等学校--教材 | |
| 电子资源: | ||
| ISBN: | 978-7-112-26052-2 | |
| 000 | 01262nam 2200301 450 | |
| 001 | 27139 | |
| 005 | 20220923090823.48 | |
| 010 | @a978-7-112-26052-2@dCNY44.00 | |
| 100 | @a20211104d2021 em y0chiy50 ea | |
| 101 | 0 | @achi |
| 102 | @aCN@b110000 | |
| 105 | @aa a 000yy | |
| 200 | 1 | @a建筑工程制图@Ajian zhu gong cheng zhi tu@f主编张英, 江景涛 |
| 205 | @a第4版 | |
| 210 | @a北京@c中国建筑工业出版社@d2021.09 | |
| 215 | @a10, 359页@c图@d26cm@e习题集1册 (181页 ; 19x26cm) | |
| 225 | 2 | @a高等学校土木工程专业融媒体新业态系列教材@Agao deng xue xiao tu mu gong cheng zhuan ye rong mei ti xin ye tai xi lie jiao cai |
| 300 | @a住房和城乡建设部“十四五”规划教材 | |
| 320 | @a有书目 (第359页) | |
| 330 | @a本书共分十一章, 主要内容包括: 绪论, 点、直线、平面的投影, 基本形体及截交线、相贯线, 组合体的投影与构型设计, 建筑形体的表达方法, 轴测图, 阴影, 透视投影, 建筑施工图, 结构施工图, 建筑设备施工图。 | |
| 333 | @a普通高等教育“十一五”国家级规划教材 | |
| 410 | 0 | @12001 @a高等学校土木工程专业融媒体新业态系列教材 |
| 606 | 0 | @a建筑制图@Ajian zhu zhi tu@x高等学校@j教材 |
| 690 | @aTU204@v5 | |
| 701 | 0 | @a张英@Azhang ying@4主编 |
| 701 | 0 | @a江景涛@Ajiang jing tao@4主编 |
| 801 | 0 | @aCN@c20220910 |
| 905 | @a河南城建学院图书馆@dTU204@eZ232=4:1@f2 | |
| 建筑工程制图/主编张英, 江景涛.-第4版.-北京:中国建筑工业出版社,2021.09 |
| 10, 359页:图;26cm+习题集1册 (181页 ; 19x26cm).-(高等学校土木工程专业融媒体新业态系列教材) |
| 住房和城乡建设部“十四五”规划教材.-使用对象:普通高等教育“十一五”国家级规划教材 |
| ISBN 978-7-112-26052-2:CNY44.00 |
| 本书共分十一章, 主要内容包括: 绪论, 点、直线、平面的投影, 基本形体及截交线、相贯线, 组合体的投影与构型设计, 建筑形体的表达方法, 轴测图, 阴影, 透视投影, 建筑施工图, 结构施工图, 建筑设备施工图。 |
| ● |
| 相关链接 |
|
|
|
正题名:建筑工程制图
索取号:TU204/Z232=4:1
 
预约/预借
| 序号 | 登录号 | 条形码 | 馆藏地/架位号 | 状态 | 备注 |
| 1 | 1578937 | 215789378 | 建筑库101/101建筑库 109排5列4层/ [索取号:TU204/Z232=4:1] | 在馆 | |
| 2 | 1578938 | 215789387 | 建筑库101/101建筑库 109排5列4层/ [索取号:TU204/Z232=4:1] | 在馆 |